Famous Exes in Common - Statistics

General Stats
  • This quiz has been taken 408 times
  • The average score is 5 of 15
Answer Stats
Hint Answer % Correct
Tom Cruise and Chris Klein Katie Holmes
77%
Tyra Banks and Heidi Klum Seal
71%
Kate Moss and Winona Ryder Johnny Depp
54%
Sandra Bullock and Rachel McAdams Ryan Gosling
47%
Gary Oldman and Ethan Hawke Uma Thurman
47%
Patricia Arquette and Lisa Marie Presley Nicholas Cage
37%
Bar Rafaeli and Blake Lively Leonardo Dicaprio
36%
Liam Neeson and Kiefer Sutheland Julia Roberts
20%
Jennifer Love Hewitt and Jennifer Aniston John Mayer
18%
Jim Carey and Jack White Renee Zellweger
18%
Matt Damon and Josh Brolin Minnie Driver
14%
Courtney Love and Salma Hayek Edward Norton
13%
Wilmer Valdaramma and Andy Roddick Mandy Moore
13%
Mariah Carey and Jessica Biel Derek Jeter
6%
Common and Brett Ratner Serena Williams
5%
No matching quizzes found
Score Distribution
Percent of People with Each Score
Percentile by Number Answered
Your Score History
You have not taken this quiz